| 000 | 01359nam a22002897a 4500 | ||
|---|---|---|---|
| 005 | 20080929101452.0 | ||
| 008 | 080929t xxu||||| |||| 00| 0chin d | ||
| 010 | _aHIN-92093 | ||
| 020 |
_a9788191096965 _c520.00 |
||
| 035 | _aHN-64439 | ||
| 037 | _bDBAD / PUB | ||
| 040 |
_aDPL _bHN |
||
| 082 | _a301.0954 | ||
| 100 |
_926640 _aतोमर, देवेन्द्र पाल सिंह |
||
| 245 |
_aभारतीय सामाजिक व्यवस्था / _bदेवेन्द्र पाल सिंह तोमर |
||
| 246 |
_aBhaartiya saamajika vayavasthaa _bby Devender pal singh Tomar |
||
| 260 |
_aदिल्ली _bआर्या पब्लिकेशन्स _c2010 |
||
| 270 |
_aA-20,गली न.4, हरदेव पुरी 100 फुटा रोड़, पंजाब नैशनल बैंक के सामने, _bदिल्ली _e110093 _k011-22813582, 9013676475 _maarypub@yahoo.in |
||
| 300 |
_a280पृ. _c23सेमी (सजिल्द) |
||
| 650 | _9697 | ||
| 650 | _926674 | ||
| 650 | _9698 | ||
| 700 | _926643 | ||
| 710 | _926662 | ||
| 942 |
_2ddc _cHN _h301.0954 _mतोमर |
||
| 999 |
_c51172 _d51172 |
||